• 首页
  • 本馆介绍
  • 公告通知
  • 最新文献
  • 馆藏检索
  • 电子资源
  • 读者导购
  • 参考咨询
  • 我的图书馆
  • 登录
  • 详细信息显示
  • 放入我的书架
  • 预约/预借图书
  • 作者相关作品
  • 分类相关作品
  • 丛书相关作品
  • 出版社相关作品

书目信息

  • 表格格式
  • 工作单格式
  • 卡片格式
题名:
鳜鱼养殖新技术
    
 
作者: 卞云斌 编著
分册:  
出版信息: 上海   上海科学技术出版社  2003.08
页数: 140页
开本: 19cm
丛书名: 水产养殖新技术丛书
单 册:
中图分类: S965.199
科图分类:
主题词: 鳜属--鱼类养殖 , 鳜属 , 鱼类养殖
电子资源:
ISBN: 7-5323-7108-5
000 00953oam2 2200277 450
001 ZWTS00000082
005 20060830093130.80
010    @a7-5323-7108-5@dCNY10.00
100    @a20031217d2003 em y0chiy0110 ea
101 0  @achi
102    @aCN@b310000
105    @aa z 000yy
200 1  @a鳜鱼养殖新技术@Agui yu yang zhi xin ji shu@f卞云斌等编著@Fbian yun bin deng bian zhu
210    @a上海@c上海科学技术出版社@d2003.08
215    @a140页@c图@d19cm
225 2  @a水产养殖新技术丛书
330    @a该书介绍了鳜鱼的生物学特性、鳜鱼人工繁殖、鳜鱼苗种培育、鳜鱼成鱼养殖、养殖鳜鱼捕捞、鳜鱼病害防治等内容,并附录了鳜鱼养殖生产中的饵料鱼苗生产和饵料鱼种生产的内容。
461  0 @1001012002048605@12001 @a水产养殖新技术丛书
606 0  @a鳜属@x鱼类养殖
606 0  @a鳜属
606 0  @a鱼类养殖
690    @aS965.199@v4
701  0 @a卞云斌@Abian yun bin@4编著
801  0 @aCN@bBZT@c20060830
905    @aBZT@dS965.199@e1
906    @dCNY10.00@n0@r1
    
    鳜鱼养殖新技术/卞云斌等编著.-上海:上海科学技术出版社,2003.08
    140页:图;19cm.-(水产养殖新技术丛书)
    
    
    ISBN 7-5323-7108-5:CNY10.00
    该书介绍了鳜鱼的生物学特性、鳜鱼人工繁殖、鳜鱼苗种培育、鳜鱼成鱼养殖、养殖鳜鱼捕捞、鳜鱼病害防治等内容,并附录了鳜鱼养殖生产中的饵料鱼苗生产和饵料鱼种生产的内容。
●
相关链接 在五车中查询图书 在当当中查询图书 在豆瓣中查询图书


正题名:鳜鱼养殖新技术     索取号:S965.199/1         预约/预借

序号 登录号 条形码 馆藏地/架位号 状态 备注
1 451944   230065131   中心书库中库/ 中库031架A面7列4层28/ [索取号:S965.199/1] 在馆    
2 451945   230065132   中心书库中库/ 中库031架A面7列4层30/ [索取号:S965.199/1] 在馆    
3 451946   230065133   中心书库中库/ 中库031架A面7列4层29/ [索取号:S965.199/1] 在馆    
4 451947   230065134   中心书库中库/ 中库031架A面7列4层27/ [索取号:S965.199/1] 在馆    
5 451948   230065135   中心书库中库/ 中库031架A面7列3层50/ [索取号:S965.199/1] 在馆    
山东省滨州职业学院图书馆 欢迎您!
大连网信软件有限公司© 版权所有